000 00582nam a2200193 4500
001 135976
003 ES-MaACL
005 20230906195014.0
007 t|
008 070214s1901 fr r ||||1| fre d
100 1 _aRoux, O.
_9100114
245 1 0 _aRoutes et chemins vicinauxe /
_cO. Roux.
260 _a[s.l.] :
_b[s.n.],
_c1901 (
_fImp. Deslis Fréres)
300 _aXI, 579 p. ;
_c19 cm.
490 1 _aBibliothéque du conducteur de travaux publis
830 0 _aBibliothéque du conducteur de travaux publis
_9219964
852 _aES-MaACL
_jF-2040
999 _c135976
_d135976